00984nam a22002417a 450000500170000001000130001702000220003003700160005204000120006808200160008024501310009626000460022727000400027330000220031349000500033550000510038565000570043665000410049370000410053494200250057599900190060095201230061920170124105945.0 aA-727913 c00.00a8124600341 bCen Lib/Ret aDPLbEN a220.24bUPA raThe kena upanisad :ctranslated by Swami Muni Narayana Prasad bwith the original text in sanskrit and roman transliteration / bD.K. Printworld (P) Ltd.aNew Delhic1995 aH-12, Bali NagarbNew Delhie110015 avi,126p.c22m(Hb) aRediscovering Indian literary classics,no. -3 aIncludes bibliographical references and index. aUpanishads. -- Kenopaniṣad -- Commentaries.912113 aUpanishads. -- Kenopaniṣad.912114 a Prasad , Swami Muni Narayana973751 2ddccENh220.24mUPA c124839d124839 00104070aLbLd2015-06-18eCen Lib/Retg0.00l0o220.24 UPApA-727913r2015-06-18 00:00:00t1v0.00w2015-06-18yEN